000
00250nam a22000977a 4500
008
231218b |||||||| |||| 00| 0 eng d
020
_a
9781734822380
100
_a
Dayton L. Howard
_9
7742
245
_a
Give, Say & Spend
260
_a
Orlando, Florida
_c
2022
999
_c
12526
_d
12526